Tajemství /
Tajemství je dvacátým osmým svazkem reacherovské série. Počínaje thrillerem Ochránce ji Child píše spolu se svým bratrem Andrewem.
Uloženo v:
| Série: | Jack Reacher,
část 28 |
|---|---|
| Hlavní autor: | |
| Další autoři: | , |
| Médium: | E-kniha |
| Jazyk: | Czech |
| Vydáno: |
Praha :
BB/art,
2025
|
| Vydání: | První vydání v českém jazyce |
| Témata: | |
| Příbuzné jednotky: | Z cyklu::
Jack Reacher |
| Tagy: |
Žádné tagy |
| LEADER | 02817nam a2200457 i 4500 | ||
|---|---|---|---|
| 001 | 312837 | ||
| 003 | CZ PrSKC | ||
| 005 | 20260601215729.0 | ||
| 007 | ta | ||
| 008 | 251031s2025 xr g 000 f cze | ||
| 015 | |a cnb003707292 | ||
| 020 | |a 9788075956828 |q (vázáno) | ||
| 035 | |a (OCoLC)1559932487 | ||
| 040 | |a ABG001 |b cze |e rda | ||
| 041 | 1 | |a cze |h eng | |
| 072 | 7 | |a 821.111-3 |x Anglická próza, anglicky psaná |2 Konspekt | |
| 080 | |a 821.111-31 |2 MRF | ||
| 080 | |a (0:82-312.4) |2 MRF | ||
| 100 | 1 | |a Child, Lee, |d 1954- |7 jn20000810190 |4 aut | |
| 240 | 1 | 0 | |a Secret. |l Česky |
| 245 | 1 | 0 | |a Tajemství / |c Lee Child & Andrew Child ; přeložila Iva Harrisová |
| 250 | |a První vydání v českém jazyce | ||
| 264 | 1 | |a Praha : |b BB/art, |c 2025 | |
| 300 | |a 243 stran ; |c 24 cm | ||
| 336 | |a text |b txt |2 rdacontent | ||
| 337 | |a bez média |b n |2 rdamedia | ||
| 338 | |a svazek |b nc |2 rdacarrier | ||
| 500 | |a Přeloženo z angličtiny | ||
| 520 | 2 | |a Tajemství je dvacátým osmým svazkem reacherovské série. Počínaje thrillerem Ochránce ji Child píše spolu se svým bratrem Andrewem. |b Píše se rok 1992. Kapitán Jack Reacher používá při své práci vojenského vyšetřovatele nestandardní, ale velmi účinné metody. Také proto si jej vybere ministr obrany, aby se ve speciální pracovní skupině podílel na vyšetřování série podivných, zdánlivě nesouvisejících úmrtí starších mužů. Jeden záhadně vypadl z nemocničního okna. Druhý požil neobvyklý jed. Další zahynul na jezeře při rybaření. A tím seznam zdaleka nekončí... Ukáže se, že všichni mrtví muži jsou spojeni s tragickou událostí, k níž došlo v Indii před třiadvaceti lety - a která se nepřímo týká i ministra obrany a jeho manželky. Reacher chce rychle najít vraha a odhalit tajemství, které stálo život tolik lidí. A tak si nakonec - jako vždycky - poradí po svém. Neobvykle a efektivně. Nakladatelská anotace. Kráceno. | |
| 655 | 7 | |a anglické romány |7 fd131814 |2 czenas | |
| 655 | 7 | |a thrillery (romány) |7 fd184206 |2 czenas | |
| 655 | 9 | |a English fiction |2 eczenas | |
| 655 | 9 | |a thrillers (novels) |2 eczenas | |
| 700 | 1 | |a Child, Andrew, |d 1968- |7 xx0261211 |4 aut | |
| 700 | 1 | |a Harrisová, Iva, |d 1966- |7 ola2003198110 |4 trl | |
| 787 | 0 | 8 | |i Z cyklu: |t Jack Reacher |g 28 |
| 900 | |a ABA001 |b 21 | ||
| 044 | |a xr | ||
| 910 | |a RBIT002 | ||
| 998 | |d 422887 |a https://core.palmknihy.cz/api/books/422887/cover?t5m1ky |b https://core.palmknihy.cz/api/books/422887/cover/400?t5m1ky |c https://core.palmknihy.cz/api/books/422887/cover/50?t5m1ky |e 2028-11-13 |g 248 |i 9788075956828 |j https://core.palmknihy.cz/api/books/422887/preview.epub |k https://core.palmknihy.cz/api/books/422887/preview.pdf |l |q 49 |r 1 |s https://www.palmknihy.cz/kniha/422887 |t ebook |y 2025 |z 0 |v Jack Reacher |w 28 | ||
| 999 | |d 312835 | ||